| 000 | 00427 a2200145 4500 | ||
|---|---|---|---|
| 001 | 61411 | ||
| 020 | _a | ||
| 040 | _cAnchieta - Pituba | ||
| 100 | _aAlzugaray, Cátia | ||
| 240 | 1 | 0 |
_a1000 Que fizeram século 20 _lpor |
| 245 | 1 | 0 | _a1000 Que fizeram século 20 |
| 300 | _a329 | ||
| 650 | 4 | _aPessoas em literatura, história, biografia, genealogia (incluindo historiadores, escritores e críticos da literatura) | |
| 942 | _cBK | ||
| 999 |
_c61411 _d61411 |
||